000 00592nam a2200217 a 4500
005 20260225064011.0
008 991125s1999 mad 000 0 spa u
020 _a8477386595
035 _aUPN01000056137
049 _aCG
050 4 _aHM101
_bS3.7
100 1 _aSan Martín Sala, Javier,
_d1946-
245 1 0 _aTeoría de la cultura /
_cJavier San Martín Sala.
260 _aMadrid :
_bSíntesis,
_c1999.
300 _a317 p.
440 0 _aSíntesis filosofía ;
_v7
440 0 _aHermeneia
650 4 _aCultura
_xFilosofía
_9999
650 4 _aFenomenología
_97867
905 _aLibro
999 _c56137
_d56137